000 00405nam a2200109Ia 4500
008 171204s9999 xx 000 0 und d
245 _aUntold Stories In Organizations: Routledge Studies in Management, Organizations and Society
245 _cLinda Hitchin and Michal Izak
260 _c2014
650 _xHUMAN BEHAVIOR IN ORGANIZATION WITH ETHICS
856 _uhttp://down.ebook777.com/014/UntStoInOrg.pdf
999 _c346989
_d346989